Without fear or favour : (Record no. 134251)

MARC details
000 -LEADER
fixed length control field 00675nam a22002297a 4500
003 - CONTROL NUMBER IDENTIFIER
control field dpl
005 - DATE AND TIME OF LATEST TRANSACTION
control field 20180524143339.0
008 - FIXED-LENGTH DATA ELEMENTS--GENERAL INFORMATION
fixed length control field 180524b xxu||||| |||| 00| 0 eng d
010 ## - LIBRARY OF CONGRESS CONTROL NUMBER
LC control number A-945996
020 ## - INTERNATIONAL STANDARD BOOK NUMBER
Terms of availability 00.00
International Standard Book Number 8174790233
035 ## - SYSTEM CONTROL NUMBER
System control number A-945996, A-946001
037 ## - SOURCE OF ACQUISITION
Source of stock number/acquisition Cen Lib/Ret
040 ## - CATALOGING SOURCE
Original cataloging agency DPL
Language of cataloging EN
Transcribing agency 0
082 ## - DEWEY DECIMAL CLASSIFICATION NUMBER
Classification number 921
Item number JOG
100 ## - MAIN ENTRY--PERSONAL NAME
Personal name Joginder Singh
9 (RLIN) 5707
245 ## - TITLE STATEMENT
Title Without fear or favour :
Statement of responsibility, etc by Joginder Singh
Remainder of title an autobiography /
260 ## - PUBLICATION, DISTRIBUTION, ETC. (IMPRINT)
Place of publication, distribution, etc New Delhi
Name of publisher, distributor, etc Kaveri books
Date of publication, distribution, etc 1998
270 ## - ADDRESS
City New Delhi
Address 21-A, Ansari road
Postal code 110002
300 ## - PHYSICAL DESCRIPTION
Extent xvi,307p.
Dimensions 23cm(Hb)
650 ## - SUBJECT ADDED ENTRY--TOPICAL TERM
Topical term or geographic name as entry element Autobiography
9 (RLIN) 28861
942 ## - ADDED ENTRY ELEMENTS (KOHA)
Source of classification or shelving scheme Dewey Decimal Classification
Koha item type English Books
Classification part 921
Call number suffix JOG
Holdings
Withdrawn status Lost status Damaged status Not for loan Collection code Home library Current library Date acquired Source of acquisition Cost, normal purchase price Total Checkouts Full call number Barcode Date last seen Copy number Cost, replacement price Price effective from Koha item type Source of classification or shelving scheme Public note
      Not For Loan Reference Central Library Central Library 29/07/2015 Cen Lib/Ret 0.00   921 JOG A-945996 29/07/2015 1 0.00 29/07/2015 English Books    
Written off       Non-fiction Central Library Central Library 20/10/2016       921 JOG A-945995 20/10/2016   0.00 20/10/2016 English Books Dewey Decimal Classification W/d List No. 8128/21; dtd 18.2.2017
        Non-fiction Shahdara Branch Shahdara Branch 24/05/2018 BPPD/PUB 0.00   921 JOG A-946001 24/05/2018   0.00 24/05/2018 English Books Dewey Decimal Classification  

© Delhi Public Library
Hit Counter
free hit counter